Data fusion for sensory information processing systems
Αποθηκεύτηκε σε:
| Κύριος συγγραφέας: | |
|---|---|
| Άλλοι συγγραφείς: | |
| Μορφή: | Βιβλίο |
| Γλώσσα: | English |
| Δημοσίευση: |
Boston :
Kluwer Academic Publishers,
c1990
|
| Σειρά: | Kluwer international series in engineering and computer science ;
; 105 |
| Θέματα: | |
| Ετικέτες: |
Προσθήκη ετικέτας
Δεν υπάρχουν, Καταχωρήστε ετικέτα πρώτοι!
|
MARC
| LEADER | 00000cam a2200000 i 4500 | ||
|---|---|---|---|
| 001 | 1/43189 | ||
| 008 | 941103s1990 eng d | ||
| 020 | |a 0792391209 |c $60.00 | ||
| 035 | |l 10041964 | ||
| 035 | |a 1993 |c ΠΑΝΑΓΙΩΤΟΠΟΥΛΟΣ | ||
| 040 | |a GR-MY-UA |b gre |e aacr | ||
| 041 | 0 | |a eng | |
| 082 | 0 | |a 006.37 |2 (20) | |
| 100 | 1 | |a Clark, James Joseph |d 1957- | |
| 245 | 1 | 0 | |a Data fusion for sensory information processing systems / |c by James J. Clark, Alan L. Yuille |
| 260 | |a Boston : |b Kluwer Academic Publishers, |c c1990 | ||
| 300 | |a xviii, 242 p.; |b ill.; |c 25 cm | ||
| 490 | 1 | |a Kluwer international series in engineering and computer science |v ; 105 | |
| 504 | |a Includes bibliographical references (p. 223-238) and index | ||
| 650 | 0 | 0 | |a Computer vision. |
| 650 | 0 | 0 | |a Image processing. |
| 650 | 0 | 0 | |a Multisensor data fusion. |
| 700 | 1 | |a Yuille, A. L. |q (Alan L.) | |
| 830 | 0 | |a Kluwer international series in engineering and computer science ; |v ; 105 | |
| 852 | |a INST |b SAMOS |e 19941103 |h 006.37 CLA |p 005300003740 |q 005300003740 |t BK |y 0 | ||
| 909 | |a Σ |b 029704 | ||